| 000 | 01402cam a2200397 i 4500 | ||
|---|---|---|---|
| 999 |
_c6681 _d6681 |
||
| 001 | 460479 | ||
| 003 | GBCCL | ||
| 005 | 20241126110608.0 | ||
| 008 | 730130s1972 miu di 000 0 eng | ||
| 010 | _a 72083885 | ||
| 020 | _a0310343100 | ||
| 020 | _a9780310343103 | ||
| 035 | _a(OCoLC)ocm00578133 | ||
| 035 |
_a(OCoLC)578133 _z(OCoLC)779535439 |
||
| 040 |
_aDLC _beng _erda _cDLC _dOCLCQ _dBTCTA _dOCLCG _dOCLCO _dOCLCF _dPRP _dOCLCQ _dSP1 _dLBB |
||
| 049 | _aLBBC | ||
| 050 | 0 | 0 |
_aBS432 _b.W48 |
| 082 | 0 | 0 |
_a220.3 _bNEW |
| 100 | 1 |
_aWharton, Gary C., _d1940- _ecompiler. _911938 |
|
| 245 | 1 | 4 |
_aThe new compact topical Bible / _ccompiled by Gary Wharton. |
| 264 | 1 |
_aGrand Rapids, MI : _bZondervan Publishing House, _c[1972] |
|
| 300 |
_a[5], 536 pages ; _c19 cm |
||
| 336 |
_atext _btxt _2rdacontent |
||
| 337 |
_aunmediated _bn _2rdamedia |
||
| 338 |
_avolume _bnc _2rdacarrier |
||
| 490 | 1 | _aThe Bible handbook series | |
| 500 | _a"A compact edition of The Zondervan Topical Bible ... edited by Edward Viening." | ||
| 630 | 0 | 0 |
_aBible _vIndexes. _91864 |
| 630 | 0 | 0 |
_aBible _vDictionaries. _91814 |
| 630 | 0 | 7 |
_aBible. _2fast _0(OCoLC)fst01356024 _9599 |
| 655 | 7 |
_aDictionaries. _2fast _0(OCoLC)fst01423826 _93629 |
|
| 655 | 7 |
_aIndexes. _2fast _0(OCoLC)fst01423761 _91865 |
|
| 700 | 1 |
_aViening, Edward. _tZondervan topical Bible. _911939 |
|
| 830 | 0 |
_aBible handbook series. _911940 |
|
| 942 |
_2ddc _cREF |
||